Epidemiology and control of hepatitis B virus infection in Singapore /
Saved in:
| 主要作者: | |
|---|---|
| 格式: | Thesis 圖書 |
| 語言: | English |
| 出版: |
Singapore :
National University of Singapore,
1991.
|
| 主題: | |
| 標簽: |
添加標簽
沒有標簽, 成為第一個標記此記錄!
|
| LEADER | 00891cam a2200265 a 4500 | ||
|---|---|---|---|
| 001 | u337738 | ||
| 003 | SIRSI | ||
| 008 | 930519s1991 si v 0001 eng | ||
| 035 | |a ABQ-3268 | ||
| 040 | |a UMP | ||
| 043 | |a a-si--- | ||
| 090 | |a RC848 |b H44Goh | ||
| 095 | |a RC848 |b H44Goh | ||
| 096 | |a QW170 |b Goh 1991 | ||
| 100 | 1 | 0 | |a Goh, Kee Tai. |
| 245 | 1 | 0 | |a Epidemiology and control of hepatitis B virus infection in Singapore / |c by Goh Kee Tai. |
| 260 | 0 | |a Singapore : |b National University of Singapore, |c 1991. | |
| 300 | |a 285 l. : |b ill. ; |c 29 cm. | ||
| 502 | |a Thesis (M.D.)--National University of Singapore, 1991. | ||
| 504 | |a Includes bibliographical references. | ||
| 650 | 2 | |a Hepatitis B |x epidemiology. | |
| 650 | 2 | |a Hepatitis B |x prevention & control. | |
| 948 | |a 18/10/1993 |b 10/07/1995 | ||
| 596 | |a 2 | ||
| 999 | |a QW170 GOH 1991 |w NLM |c 1 |i A500857818 |l TESIS |m P02MEDKL |r Y |s Y |t TESIS |u 18/10/1993 | ||
